000 01152nam a2200265 i 4500
001 122034
003 ES-MaACL
005 20230906191908.0
007 t|
008 070214s1982 sp ah |||| | spa d
080 _a860-13"11":091(460.27 M.-81)B.N.07
130 0 _aPoema del Cid.
_9123904
245 1 0 _aPoema de Mío Cid /
_c[José Mª Peña San Martín ... (et al.)].
250 _aEd. facs.
260 _aBurgos :
_bAyuntamiento,
_c1982.
300 _a2 v. :
_bil., facs. ;
_c24 cm.
505 8 _aContiene: I ;
_tEdición facsímil del manuscrito del Marqués de Pidal, depositado en la Biblioteca Nacional - II ;
_tTranscripción y versión del códice ;
_tLa lingüística del poema ;
_tEl Cid histórico ;
_tEl Cid literario ;
_tEstudio bibliográfico ;
_tInterpretación artística del poema
610 0 _aBiblioteca Nacional (España).
_kManuscrito.
_n(Vit. 7-17)-
_vFacsímiles
_9218856
630 0 4 _aPoema del Cid-
_xCrítica e interpretación.
_9123906
655 7 _2tgfbne
_9226495
_aFacsímiles
710 2 _aBurgos.
_bAyuntamiento.
_92257
852 _aES-MaACL
_jL-6086-87
942 _2udc
999 _c122034
_d122034